Statistiche per Marcatori dell'Italia ai Mondiali - Spagna 1982

Clicka qui per fare il quiz!

Statistiche generali

  • Questo quiz è stato fatto 9 volte
  • Il punteggio medio è 11 su 12

Statistiche sulle risposte

PartitaMinutoMarcatore% Corretto
Italia - Germania Ovest 3-169'Marco Tardelli
100%
Italia - Argentina 2-157'Marco Tardelli
100%
Italia - Brasile 3-25'Paolo Rossi
100%
Italia - Brasile 3-225'Paolo Rossi
100%
Italia - Brasile 3-274'Paolo Rossi
100%
Italia - Polonia 2-022'Paolo Rossi
100%
Italia - Polonia 2-073'Paolo Rossi
100%
Italia - Germania Ovest 3-157'Paolo Rossi
100%
Italia - Germania Ovest 3-181'Alessandro Altobelli
88%
Italia - Perù 1-118'Bruno Conti
88%
Italia - Camerun 1-160'Francesco Graziani
88%
Italia - Argentina 2-167'Antonio Cabrini
75%

Distribuzione punteggi

Percentile per numero di risposta

Percentuale di utenti per punteggio

I tuoi punteggi nel tempo

Non hai fatto questo quiz